| 000 | 00797nam a22002177a 4500 | ||
|---|---|---|---|
| 003 | OSt | ||
| 005 | 20260310060039.0 | ||
| 008 | 260310b |||||||| |||| 00| 0 eng d | ||
| 020 | _a0-448-09519-x | ||
| 040 |
_aDWCL GS lib _cOC |
||
| 082 | _2K26q 1997 | ||
| 100 | _aCAROLYN KEENE | ||
| 245 |
_aThe quest of the missing map _cCAROLYN KEENE |
||
| 260 |
_a New York _bGrosset & Dunlap _c1997 |
||
| 300 |
_avii, 178 pages: _billustrations _c19 cm. |
||
| 520 | _aThe story follows teenage detective Nancy Drew, who investigates strange events at Ship Cottage on the Chatham estate. | ||
| 546 | _aEnglish | ||
| 650 | _2Be brave when facing challenges, Use intelligence and critical thinking | ||
| 650 | _2Honesty is important, Courage helps overcome difficulties | ||
| 942 |
_2ddc _cFIC. _hFic. _n0 |
||
| 999 |
_c8859 _d8859 |
||